Cánh thu rơi : Thơ

Sparad:
Bibliografiska uppgifter
Huvudupphovsman: Đoàn, Ngọc Minh
Materialtyp: Bok
Språk:Undetermined
Publicerad: Hà Nội Sân khấu 2019
Ämnen:
Taggar: Lägg till en tagg
Inga taggar, Lägg till första taggen!
Thư viện lưu trữ: Trung tâm Học liệu Trường Đại học Cần Thơ
LEADER 00531nam a2200193Ia 4500
001 CTU_236363
008 210402s9999 xx 000 0 und d
082 |a 895.922134 
082 |b M312 
100 |a Đoàn, Ngọc Minh 
245 0 |a Cánh thu rơi : 
245 0 |b Thơ 
245 0 |c Đoàn Ngọc Minh 
260 |a Hà Nội 
260 |b Sân khấu 
260 |c 2019 
650 |a Vietnamese poetry,Thơ ca người Việt 
910 |b dqhieu 
980 |a Trung tâm Học liệu Trường Đại học Cần Thơ